000 00334nam a2200145Ia 4500
008 230312s9999||||xx |||||||||||||| ||und||
020 _a1-6136-4508-6
082 _a720.19
_bREM-O
100 _aRemains
245 0 _aOubliette
260 _bSpain
_aspain
_c2011
300 _a70
650 _aArchitecture
_varchitecture
942 _cBK
999 _c11578
_d11578